header

Well testing (Record no. 74726)

MARC details
000 -LEADER
fixed length control field 01173nam a2200325Ia 4500
100 1# - MAIN ENTRY--AUTHOR NAME
Personal name Lee, John
245 10 - TITLE STATEMENT
Title Well testing
260 ## - PUBLICATION, DISTRIBUTION, ETC. (IMPRINT)
Place of publication New York :
Name of publisher Society of Petroleum Engineers of AIME,
Year of publication 1982.
300 ## - PHYSICAL DESCRIPTION
Number of Pages 159 p. :
Other physical details ill.
500 ## - GENERAL NOTE
General note Includes indexes.
650 #0 - SUBJECT ADDED ENTRY--TOPICAL TERM
Topical Term Oil wells
Topical Term Gas wells
856 40 - ELECTRONIC LOCATION AND ACCESS
Uniform Resource Identifier http://site.ebrary.com/lib/rucke/Doc?id=10619584

No items available.

© 2026 Rongo University
Contact us: librarian | system librarian | Rongo university